Language Quiz

Random Language or Letter Quiz

'E' Vocabulary (Hard) Quiz Stats

 Plays Quiz Updated Nov 8, 2018

Challenge
Share
Tweet
Embed
Score 0/25 Timer 09:00
10 Plays Today
% Correct
equinox
91.7%
embargo
90.6%
emancipation
89.3%
emporium
89.2%
eccentric
88.6%
endemic
84.9%
enigma
84.4%
estuary
80.8%
effervesce
79.4%
echelon
77.9%
eddy
77.5%
echinoderm
76.5%
edification
76.3%
% Correct
etude
76%
eschew
73.9%
eider
73.6%
efficacy
71.4%
epsilon
71.2%
ectopic
69.3%
eremology
66.5%
eruct
66.4%
expedient
65.8%
eta
64.8%
estival
63.6%
edaphology
63.1%

You're not logged in!

Compare scores with friends on all Sporcle quizzes.
OR
Log In

You Might Also Like...

Show Comments

Extras

Top Quizzes Today


Score Distribution

Your Account Isn't Verified!

In order to create a playlist on Sporcle, you need to verify the email address you used during registration. Go to your Sporcle Settings to finish the process.

Report this User

Report this user for behavior that violates our Community Guidelines.

Details: